000 00512nam a2200169 i 4500
001 43115
003 ES-MaACL
005 20230906160732.0
007 t|
008 030317s1972 sp ||||1| spa d
100 1 _aCelan, Paul.
_937342
245 1 0 _aPoemas /
_cPaul Celan ; traducción y prólogo de J. Francisco Elvira Hernández.
260 _a[Madrid :
_bAlberto Corazón,
_c1972]
300 _a92 p. ;
_c20 cm.
700 1 _aElvira Hernández, J. Francisco.
_947125
852 _aES-MaACL
_jC-51182
_bR.83850
999 _c43115
_d43115